Guia informativa = Guía informativa / Clínica Mental
Descripción Física:
[10] p. ; 22 cm
MARC
| LEADER | 00000nam a2200000Ia 4500 | ||
|---|---|---|---|
| 001 | 14885 | ||
| 008 | 160829s9999 xx 000 0 cat d | ||
| 080 | |a FU-31-62 | ||
| 110 | 2 | |a Centres Assistencials Dr. Emili Mira i López |9 52938 | |
| 245 | |a Guia informativa = Guía informativa / Clínica Mental | ||
| 260 | |a [Barcelona] : |b Diputació de Barcelona, Servei de Psiquiatria, DL 1986 | ||
| 300 | |a [10] p. ; |c 22 cm | ||
| 590 | |a Enquadernat amb l'edició en castellà en forma capiculada. | ||
| 590 | |a Conté en un fulletó apart: Carta de drets i deures dels pacients = Carta de derechos y deberes de los pacientes | ||
| 650 | |a Clínica Mental (Santa Coloma de Gramenet) |x Guies |9 22792 | ||
| 710 | 1 | |a Barcelona (Catalunya : Província). |b Servei de Psiquiatria |9 54514 | |
| 901 | |a Arxiu | ||
| 942 | |n 1 | ||
| 952 | |0 0 |1 0 |4 0 |6 FU3162 |7 1 |9 42332 |a Arxiu |b Arxiu |d 2016-12-01 |l 0 |o FU-31-62 |p 14885 |r 2016-12-01 00:00:00 |w 2016-12-01 |y ARXIU | ||
| 999 | |c 44810 |d 44810 | ||